000 00803nam a22002057a 4500
005 20160912164229.0
010 _aB-508580-94 ENG-116005
020 _a9788123018362
_c345.00
035 _aB-508580-94
035 _aEN-99537
037 _bDBAD/PUB
082 _a954
245 _aINDIA 2013 : a reference annual /
_ccomplied by Research, Reference and Training Division
246 _aNDIA 2013
260 _a Delhi
_bPublication Division,
_c2013
270 _aGovernment Of India,Soochna Bhawan,CGO Complex,Lodhi Road.
_bNew Delhi
_e110 003
300 _a1205p.
_c24(pbk)
942 _2ddc
_cEN
_h954
_mIND
999 _c74498
_d74498